000 00281nam a2200121 a 4500
008 100910s1977|||| d
245 1 0 _aJennie Gerhardtová
100 1 _aDreiser, Theodore
260 _bTatran
_aBratislava
_c1977
020 _c95
044 _axo
_cSK
041 _aslo
999 _c10273
_d10273